000
00303nam a2200097 a 4500
005
20200930062652.0
008
110610s1911 000 spa d
245
0
_a
Recolección de indicaciones del director-inspector general .........
260
_a
La Vega, República Dominicana,
_c
1911.
999
_c
30534
_d
30534
040
_a
DO-SdBNP